Sports Quiz

Random Sports or MLB Quiz

Octavio Dotel's Many Teams Quiz Stats

 Plays Quiz not verified by Sporcle

Score 0/13 Timer 10:00
0 Plays Today
Year Team % Correct
2011Toronto Blue Jays
100%
2011St. Louis Cardinals
100%
2000-2004Houston Astros
88.9%
1999New York Mets
88.9%
2006New York Yankees
88.9%
2008-2009Chicago White Sox
88.9%
2010Pittsburgh Pirates
88.9%
2004-2005Oakland Athletics
77.8%
2007Kansas City Royals
77.8%
2010Los Angeles Dodgers
77.8%
2010Colorado Rockies
77.8%
2007Atlanta Braves
66.7%
2012Detroit Tigers
33.3%

You're not logged in!

Compare scores with friends on all Sporcle quizzes.
OR
Log In

Show Comments

Extras

Created Apr 2, 2012ReportNominate
Tags:Baseball Quiz, MLB Quiz, team

Top Quizzes Today


Score Distribution

Your Account Isn't Verified!

In order to create a playlist on Sporcle, you need to verify the email address you used during registration. Go to your Sporcle Settings to finish the process.

Report this User

Report this user for behavior that violates our Community Guidelines.

Details: